000 00863nam a2200205Ia 4500
003 OSt
005 20241203142143.0
007 ca aa aaaaa
008 201103s9999 xx 000 0 und d
040 _cSSBUL
041 _abur
082 _a၂၉၄.၃၈၂၄ အ
_223
_b၉၂၅၉ S-SAT
100 _a အနုရုဒ္ဓါမထေရ်၊ အရှင်
245 0 _aအဘိဓမ္မတ္ထသင်္ဂဟပါဌ်၊
_cအရှင်အနုရုဒ္ဓါမထေရ်
260 _aရန်ကုန် ၊
_bဗုဒ္ဓသာသနာအဖွဲ့ပုံနှိပ်တိုက်၊
_c၁၉၇၅။
300 _aခါ၊ ၂၀၂ စာမျက်နှာ၊
_c၁၈ စင်တီ။
500 _aS-SAT: Dr. Sai Aung Tun Collection
650 _aအဘိဓမ္မာ
942 _2ddc
_cBK1
999 _c16754
_d16754